000 01286nam0a2200349 i 4500
001 RU\NLR\bibl\1926564
005 20241103093933.0
010 _a9785983228290
_96000
021 _aRU
_b2012-46620
_93417
035 _a(NLR Aleph) 001915959
090 _a3240495
_c3240495
100 _a20120719d2012 u y0rusy50 ca
101 0 _arus
102 _aRU
105 _aa |||||||||
200 1 _aНормы в педиатрии
_eсправочник
_fС.С. Вялов
205 _a2-е изд., перераб.
210 _aМосква
_cМЕДпресс-информ
_d2012
215 _a184 с.
_cил.
_d10х14
320 _aАлф. указ.: с. 180-184
606 _aДети
_jСправочники
_xРазвитие
_9926988
_3RU\NLR\auth\6622072
606 1 _aПлод
_jСправочники
_xРазвитие
_91891887
_3RU\NLR\auth\66860511
606 _aПедиатрия
_jСправочники
_9973843
_3RU\NLR\auth\6646829
686 _aР731.1я22
686 _aР716.110.2я22
686 _aР73я22
700 1 _4070
_aВялов
_bС. С.
_cканд. мед. наук
_gСергей Сергеевич
_9151365
_3RU\NLR\AUTH\770151403
801 0 _aRU
_bNLR
_c20120719
_gRCR
801 1 _aRU
_bNLR
_c20120719
942 _cBOOK
980 _aNBR